Communication networks : fundamental concepts and key architectures (Record no. 178061)

MARC details
000 -LEADER
fixed length control field 00536nam a2200169Ia 4500
005 - DATE AND TIME OF LATEST TRANSACTION
control field 20241223110930.0
008 - FIXED-LENGTH DATA ELEMENTS--GENERAL INFORMATION
fixed length control field 231217s9999 xx 000 0 und d
020 ## - INTERNATIONAL STANDARD BOOK NUMBER
International Standard Book Number 9780070228399
082 ## - DEWEY DECIMAL CLASSIFICATION NUMBER
Classification number 001.64404 LEO;96
100 ## - MAIN ENTRY--PERSONAL NAME
Personal name Leon-Garcia, Alberto. Widjaja, Indra.
245 #0 - TITLE STATEMENT
Title Communication networks : fundamental concepts and key architectures
260 ## - PUBLICATION, DISTRIBUTION, ETC. (IMPRINT)
Date of publication, distribution, etc. 2000
Name of publisher, distributor, etc. TMH
Place of publication, distribution, etc. New Delhi
300 ## - PHYSICAL DESCRIPTION
Extent xxiii+867
650 ## - SUBJECT ADDED ENTRY--TOPICAL TERM
Topical term or geographic name as entry element Communication,networks,:,key,architectures
942 ## - ADDED ENTRY ELEMENTS (KOHA)
Koha item type Books
400 ## - SERIES STATEMENT/ADDED ENTRY--PERSONAL NAME [OBSOLETE, CAN/MARC], [LOCAL, USA]
Personal name McGrawHill series in computer science
Holdings
Date last seen Total Checkouts Full call number Accession number Old discount Price effective from Category Lost status Damaged status Department Withdrawn status bill date Permanent Location Current Location Shelving location Entry date Vendor Grants Currency symbol Conversion rate Discount Discount type
26/01/2024   001.64404 LEO;96 42882   26/01/2024 Books     Information Science   22/08/2008 Central Library Central Library Information Science 08/09/2006 Publisher IS RS 1   Rupees
26/01/2024   001.64404 LEO;97 42883   26/01/2024 Books     Information Science   23/08/2008 Central Library Central Library Information Science 08/09/2006 Publisher IS RS 1   Rupees
26/01/2024   001.64404 LEO;98 45525   26/01/2024 Books     Information Science   29/08/2008 Central Library Central Library Information Science 23/08/2007 Publisher IS RS 1   Rupees
26/01/2024   001.64404 LEO;116 79512   26/01/2024 Books     CS   05/10/2016 Central Library Central Library CS 22/08/2011 Publisher DONATED RS 1   Rupees
26/01/2024   001.64404 LEO;118 79978   26/01/2024 Books     Information Science   14/02/2017 Central Library Central Library Information Science 16/11/2011 Publisher DONATED RS 1   Rupees

© For any Suggestions or Query, please contact the library staff @ librarian@pes.edu or Phone: +9180 2672 1983/ 2108.